| 000 | 00349nam a22001457a 4500 | ||
|---|---|---|---|
| 003 | OSt | ||
| 005 | 20160727222349.0 | ||
| 008 | 160621b xxu||||| |||| 00| 0 eng d | ||
| 040 | _cTEST | ||
| 100 |
_9336 _aBlyton, G |
||
| 245 | _aTales of Mr. Pink - whistle | ||
| 260 |
_aLan _bHalmlyn _c1988 |
||
| 300 | _aTales of Mr. Pink - whistle | ||
| 942 |
_2ddc _cBK |
||
| 999 |
_c268 _d268 |
||